[Event "German Bundesliga 2021-22"]
[Site "Germany"]
[Date "2022.04.30"]
[Round "5.12"]
[White "Lemmers, Oscar"]
[Black "Neiksans, Arturs"]
[Result "1/2-1/2"]
[WhiteElo "2346"]
[BlackElo "2577"]
[Annotator "TA"]
[PlyCount "51"]
[EventDate "2022.03.05"]
[EventType "team-tourn"]
[EventCountry "GER"]
[SourceTitle "playchess.com"]
[Source "ChessBase"]
[SourceQuality "1"]
[TimeControl "40/5400+30:1800+30"]

{[%evp 16,51,16,16,21,0,0,0,0,0,0,0,0,-13,7,-10,0,18,15,24,75,62,58,20,40,5,15,5,31,20,62,9,14,10,17,4,2,6]} 1. e4 {[%emt 0:00:00][%cal Be2e4,Be4e5][%mdl 32]} c5 {[%emt 0:00:00][%cal Bc7c5,Bc5d4][%mdl 32]} 2. c3 {[%emt 0:00:00]} Nf6 {[%emt 0:00:00]} 3. e5 {[%emt 0:00:00]} Nd5 {[%emt 0:00:00]} 4. d4 {[%emt 0:00:00]} cxd4 {[%emt 0:00:00]} 5. Nf3 {[%emt 0:00:00]} d6 {[%emt 0:00:00]} 6. Bc4 {[%emt 0:00:00]} Nb6 {[%emt 0:00:00]} 7. Bb3 {[%emt 0:00:00]} dxe5 {[%emt 0:00:00]} 8. Nxe5 {[%emt 0:00:00]} e6 {[%emt 0:00:00]} 9. cxd4 {[%emt 0:00:00]} Nc6 {[%emt 0:05:49] B22: Sicilian: 2 c3.} 10. Nf3 {[%emt 0:00:00]} Be7 {[%emt 0:01:39]} 11. Nc3 {[%emt 0:00:00]} O-O {[%emt 0:06:43]} 12. O-O {[%emt 0:00:00]} Bf6 {[%emt 0:19:22]} 13. Be3 {[%emt 0:00:51]} Nd5 {[%emt 0:00:12]} 14. Ne4 {[%emt 0:04:56]} Be7 {[%emt 0:00:33]} 15. Rc1 {[%emt 0:04:47]} Qb6 {[%emt 0:01:42] [#]} 16. Nc3 $146 {[%emt 0:06:27]} ({Predecessor:} 16. Qe2 Bd7 17. Nc3 Nxe3 18. fxe3 Rac8 19. Bc2 Qa5 20. Bb1 Qh5 21. Qf2 b6 22. Rcd1 Rcd8 23. a3 {½-½ (47) Conquest,S (2563)-Nedev,T (2511) Novi Sad 2009}) 16... Rd8 {[%emt 0:10:06]} 17. Qe2 {[%emt 0:11:48]} Qa5 {[%emt 0:24:15]} (17... Bf6 $11 {remains equal.}) 18. Nxd5 $16 {[%emt 0:16:10]} exd5 {[%emt 0:00:15]} 19. Bd2 {[%emt 0:12:08]} (19. Bg5 {is interesting.} Bxg5 20. Nxg5 Bf5 21. Nxf7 Kxf7 22. Rc5) 19... Bb4 {[%emt 0:08:23]} 20. Bxb4 {[%emt 0:13:53]} Qxb4 {[%emt 0:00:09]} 21. Qd3 {[%emt 0:00:48]} g6 {[%emt 0:02:19]} (21... Bg4 $5 {[%cal Rg4f3]}) 22. Rc5 {[%emt 0:02:58]} Bf5 {[%emt 0:03:56]} 23. Qc3 {[%emt 0:01:51]} (23. Qe3 $14) 23... Qxc3 $11 {[%emt 0:00:10] The position is equal.} 24. bxc3 {[%emt 0:00:53]} Be6 {[%emt 0:10:16]} 25. Ba4 {[%emt 0:01:04]} Rd6 {[%emt 0:01:11]} 26. Bxc6 {[%emt 0:03:39] Weighted Error Value: White=0.12 (very precise) /Black=0.11 (very precise)} 1/2-1/2

[Event "German Bundesliga 2021-22"]
[Site "Germany"]
[Date "2022.04.30"]
[Round "5.13"]
[White "Dardha, Daniel"]
[Black "Klein, Felix"]
[Result "1-0"]
[WhiteElo "2541"]
[BlackElo "2288"]
[Annotator "TA"]
[PlyCount "95"]
[EventDate "2022.03.05"]
[EventType "team-tourn"]
[EventCountry "GER"]
[SourceTitle "playchess.com"]
[Source "ChessBase"]
[SourceQuality "1"]
[TimeControl "40/5400+30:1800+30"]

{[%evp 23,94,46,42,17,33,24,31,20,37,43,50,42,55,19,62,60,63,41,47,17,35,31,33,33,40,45,45,41,42,26,26,14,18,18,9,10,21,27,38,31,60,24,103,94,106,101,137,125,156,159,710,627,29980,29981,29981,29982,29982,29983,29983,29984,29983,29984,29985,29986,29986,29987,29987,29988,29997,29998,29998,29999,29999]} 1. c4 {[%emt 0:00:00]} e6 {[%emt 0:00:00]} 2. g3 {[%emt 0:00:00]} d5 {[%emt 0:00:00]} 3. Bg2 {[%emt 0:00:00]} Nf6 {[%emt 0:00:00]} 4. d4 {[%emt 0:00:00]} c6 {[%emt 0:00:00]} 5. Nd2 {[%emt 0:00:00]} Nbd7 {[%emt 0:00:00]} 6. Ngf3 {[%emt 0:00:00]} Bd6 {[%emt 0:00:00]} 7. Qc2 {[%emt 0:00:00]} O-O {[%emt 0:00:00]} 8. O-O {[%emt 0:00:00]} e5 {[%emt 0:04:12]} 9. cxd5 {[%emt 0:00:00]} cxd5 {[%emt 0:01:32]} 10. dxe5 {[%emt 0:00:00]} Nxe5 {[%emt 0:00:03]} 11. Nxe5 {[%emt 0:00:00]} Bxe5 {[%emt 0:00:28]} 12. Nf3 {[%emt 0:00:00]} Bd6 {[%emt 0:00:30]} 13. Be3 {[%emt 0:00:00] E01: Catalan: Early deviations.} Be6 {[%emt 0:03:09]} 14. Bd4 {[%emt 0:01:08]} Ne4 {[%emt 0:04:31] Inhibits Ng5.} 15. Rad1 {[%emt 0:01:47] White is slightly better.} Qe7 {[%emt 0:03:48] [#]} 16. Nd2 $146 {[%emt 0:02:36]} ({Predecessor:} 16. Be3 f5 17. Nd4 Bd7 18. Qb3 Bc6 19. Nb5 Bb8 20. Nc3 Kh8 21. Nxd5 Qe8 22. Nc3 {1-0 (34) Pinheiro,J (2336)-Bochecha,L Evora 2006}) 16... f5 {[%emt 0:05:01]} 17. e3 {[%emt 0:06:27]} Rfd8 {[%emt 0:15:25]} 18. f3 {[%emt 0:06:21]} Nf6 {[%emt 0:02:02]} 19. Nb3 {[%emt 0:02:52]} Rac8 {[%emt 0:10:12]} 20. Qf2 {[%emt 0:00:07]} b6 {[%emt 0:04:44]} 21. Nc1 {[%emt 0:00:44]} Bf7 {[%emt 0:08:59]} 22. Bh3 {[%emt 0:01:31]} g6 {[%emt 0:03:18]} 23. Nd3 {[%emt 0:01:26]} Rc7 {[%emt 0:08:22]} 24. Rc1 {[%emt 0:09:36]} Rdc8 {[%emt 0:00:48]} 25. Rxc7 {[%emt 0:00:17]} Rxc7 {[%emt 0:00:10]} 26. Rd1 {[%emt 0:00:33]} Nd7 {[%emt 0:03:07][%cal Bf6d7,Bd7c5,Bc5e4][%mdl 32]} 27. f4 {[%emt 0:03:37]} Nc5 {[%emt 0:08:53]} 28. Qe2 {[%emt 0:05:18]} Ne4 {[%emt 0:07:23]} 29. Bg2 {[%emt 0:02:12]} h5 {[%emt 0:00:42]} 30. Ne5 {[%emt 0:05:08][%cal Bd3e5,Be5f7,Bf7h6,Bh6f5,Bf5h4][%mdl 32]} Bc5 {[%emt 0:01:09]} 31. Bxe4 {[%emt 0:04:23]} dxe4 {[%emt 0:02:30]} 32. Bc3 {[%emt 0:01:17]} Bb4 {[%emt 0:01:34]} (32... Kh7 $11 {keeps the balance.}) 33. Nxf7 $16 {[%emt 0:01:24] White is more active.} Bxc3 {[%emt 0:02:48]} 34. Nh6+ {[%emt 0:01:13]} Kh7 {[%emt 0:00:38] [#]} 35. Nxf5 {[%emt 0:00:19][%mdl 512]} Qe6 {[%emt 0:00:13]} (35... Qc5 36. bxc3) 36. Nh4 {[%emt 0:02:23] Strongly threatening f5.} Qxa2 $2 {[%emt 0:01:21] Black cannot hold the game after this.} (36... Bf6 $16) 37. f5 $18 {[%emt 0:00:06][%cal Bf4f5,Bf5g6][%mdl 32]} Qxb2 {[%emt 0:00:12]} 38. fxg6+ {[%emt 0:00:23] White mates.} Kh6 {[%emt 0:00:16]} 39. Qf1 {[%emt 0:02:42]} Be5 {[%emt 0:01:13]} 40. Qf8+ {[%emt 0:01:54]} Kg5 {[%emt 0:00:07]} 41. g7 {[%emt 0:40:28]} Rxg7 {[%emt 0:00:00]} 42. Rf1 {[%emt 0:00:00]} Qc3 {[%emt 0:00:00]} 43. Rf5+ {[%emt 0:00:00]} Kg4 {[%emt 0:00:00]} 44. Kg2 {[%emt 0:00:00][%csl Gg2][%cal Rh2h3]} Qd2+ {[%emt 0:00:00]} 45. Rf2 {[%emt 0:00:00][%csl Gf2,Gh4][%cal Rf8f5]} Qd7 {[%emt 0:00:00] [#]} 46. Qf4+ $3 {[%emt 0:00:00][%mdl 512]} Bxf4 {[%emt 0:00:00]} 47. exf4 {[%emt 0:00:00][%csl Gg2][%cal Rh2h3]} e3 {[%emt 0:02:59]} 48. h3# {[%emt 0:00:00] Weighted Error Value: White=0.06 (flawless) /Black=0.33} 1-0

[Event "German Bundesliga 2021-22"]
[Site "Germany"]
[Date "2022.04.30"]
[Round "5.13"]
[White "Svane, Frederik"]
[Black "Fedorchuk, Sergey A."]
[Result "1/2-1/2"]
[WhiteElo "2496"]
[BlackElo "2605"]
[Annotator "TA"]
[PlyCount "301"]
[EventDate "2022.03.05"]
[EventType "team-tourn"]
[EventCountry "GER"]
[SourceTitle "playchess.com"]
[Source "ChessBase"]
[SourceQuality "1"]
[TimeControl "40/5400+30:1800+30"]

{[%evp 170,301,81,16,81,11,81,81,81,81,81,81,81,11,81,81,81,11,11,11,26,16,81,81,81,81,81,81,81,81,81,81,81,0,81,81,81,0,103,0,81,81,103,81,81,81,103,103,103,81,81,81,81,15,81,81,81,30,30,30,81,0,30,30,81,80,80,0,80,80,80,80,80,80,80,80,81,80,81,80,80,80,80,80,80,0,0,0,0,0,0,0,0,0,0,0,0,0,0,0,0,0,0,0,0,0,0,0,0,0,0,0,0,0,0,0,0,0,0,0,0,0,0,0,0,0,0,0,0,0,0,0,0,0]} 1. e4 {[%emt 1:26:39]} c5 {[%emt 1:28:51]} 2. Nf3 {[%emt 0:00:30]} Nc6 {[%emt 0:00:30]} 3. Bb5 {[%emt 0:00:30]} g6 {[%emt 0:00:30]} 4. O-O {[%emt 0:00:30]} Bg7 {[%emt 0:00:30]} 5. Re1 {[%emt 0:00:30]} e5 {[%emt 0:00:30]} 6. Bxc6 {[%emt 0:00:30]} dxc6 {[%emt 0:00:30]} 7. d3 {[%emt 0:00:30]} Qc7 {[%emt 0:00:30]} 8. Be3 {[%emt 0:00:30]} b6 {[%emt 0:00:30]} 9. a3 {[%emt 0:00:30]} a5 {[%emt 0:00:30]} 10. Nbd2 {[%emt 0:00:30]} a4 {[%emt 0:00:30]} 11. b4 {[%emt 0:00:30]} axb3 {[%emt 0:00:30]} 12. cxb3 {[%emt 0:00:30]} Nf6 {[%emt 0:00:30]} 13. Nc4 {[%emt 0:00:30]} Ng4 {[%emt 0:00:30]} 14. Bd2 {[%emt 0:00:30]} Be6 {[%emt 0:00:30]} 15. Qc2 {[%emt 0:00:30]} O-O {[%emt 0:00:30]} 16. h3 {[%emt 0:00:30]} Bxc4 {[%emt 0:00:30]} 17. Qxc4 {[%emt 0:00:30]} Nf6 {[%emt 0:00:30]} 18. a4 {[%emt 0:00:30]} Nd7 {[%emt 0:00:30]} 19. Rec1 {[%emt 0:00:30]} Rfd8 {[%emt 0:00:30]} 20. Bg5 {[%emt 0:00:30]} Rdb8 {[%emt 0:00:30]} 21. Be3 {[%emt 0:00:30]} Qd6 {[%emt 0:00:30]} 22. Qc3 {[%emt 0:00:30]} Bf8 {[%emt 0:00:30]} 23. a5 {[%emt 0:00:30]} b5 {[%emt 0:00:30]} 24. b4 {[%emt 0:00:30]} cxb4 {[%emt 0:00:30]} 25. Qxc6 {[%emt 0:00:30]} b3 {[%emt 0:00:30]} 26. Qc3 {[%emt 0:00:30]} Qb4 {[%emt 0:00:30]} 27. Qb2 {[%emt 0:00:30]} Nc5 {[%emt 0:00:30]} 28. Bxc5 {[%emt 0:00:30]} Bxc5 {[%emt 0:00:30]} 29. Rc3 {[%emt 0:00:30]} Rxa5 {[%emt 0:00:30]} 30. Rxa5 {[%emt 0:00:30]} Bd4 {[%emt 0:00:30]} 31. Rxb3 {[%emt 0:00:30]} Qxa5 {[%emt 0:00:30]} 32. Nxd4 {[%emt 0:00:30]} exd4 {[%emt 0:00:30]} 33. Qxd4 {[%emt 0:00:30]} b4 {[%emt 0:00:30]} 34. Qc4 {[%emt 0:00:30]} Qa1+ {[%emt 0:00:30]} 35. Kh2 {[%emt 0:00:30]} Qe5+ {[%emt 0:00:30]} 36. g3 {[%emt 0:00:30]} Qe7 {[%emt 0:00:30]} 37. Kg2 {[%emt 0:00:30]} h5 {[%emt 0:00:30]} 38. h4 {[%emt 0:00:30]} Kh7 {[%emt 0:00:30]} 39. Rb2 {[%emt 0:00:30]} Qb7 {[%emt 0:00:30]} 40. Rb3 {[%emt 0:00:30]} Qe7 {[%emt 0:00:30]} 41. Kf3 {[%emt 0:30:30]} Qb7 {[%emt 0:30:30]} 42. Ke3 {[%emt 0:00:30]} Kh6 {[%emt 0:00:30]} 43. Qc5 {[%emt 0:00:30]} Kh7 {[%emt 0:00:30]} 44. d4 {[%emt 0:00:30]} Qa6 {[%emt 0:00:30]} 45. Qc2 {[%emt 0:00:30]} Qb5 {[%emt 0:00:30]} 46. Qd3 {[%emt 0:00:30]} Qc6 {[%emt 0:00:30]} 47. Rb1 {[%emt 0:00:30]} Rb7 {[%emt 0:00:30]} 48. d5 {[%emt 0:00:30]} Qd6 {[%emt 0:00:30]} 49. Qd4 {[%emt 0:00:30]} b3 {[%emt 0:00:30]} 50. Qc3 {[%emt 0:00:30]} Qb6+ {[%emt 0:00:30]} 51. Kf3 {[%emt 0:00:30]} b2 {[%emt 0:00:30]} 52. Kg2 {[%emt 0:00:30]} Qb4 {[%emt 0:00:30]} 53. Qxb4 {[%emt 0:00:30]} Rxb4 {[%emt 0:00:30]} 54. Kf3 {[%emt 0:00:30]} Kg7 {[%emt 0:00:30]} 55. Ke3 {[%emt 0:00:30]} f5 {[%emt 0:00:30]} 56. exf5 {[%emt 0:00:30]} gxf5 {[%emt 0:00:30]} 57. Kd3 {[%emt 0:00:30]} Kf6 {[%emt 0:00:30]} 58. Kc3 {[%emt 0:00:30]} Rb5 {[%emt 0:00:30]} 59. Rxb2 {[%emt 0:00:30]} Rxd5 {[%emt 0:00:30]} 60. Rb6+ {[%emt 0:00:30]} Kg7 {[%emt 0:00:30]} 61. Rb4 {[%emt 0:00:30]} Rd1 {[%emt 0:00:30]} 62. Rd4 {[%emt 0:00:30]} Rf1 {[%emt 0:00:30]} 63. Rf4 {[%emt 0:00:30]} Kf6 {[%emt 0:00:30]} 64. Kd2 {[%emt 0:00:30]} Ra1 {[%emt 0:00:30]} 65. Rb4 {[%emt 0:00:30]} Ra3 {[%emt 0:00:30]} 66. Rb8 {[%emt 0:00:30]} Kg7 {[%emt 0:00:30]} 67. Rb4 {[%emt 0:00:30]} Kf6 {[%emt 0:00:30]} 68. Ke2 {[%emt 0:00:30]} Kg6 {[%emt 0:00:30]} 69. Rd4 {[%emt 0:00:30]} Rb3 {[%emt 0:00:30]} 70. Rd3 {[%emt 0:00:30]} Rb4 {[%emt 0:00:30]} 71. Rd6+ {[%emt 0:00:30]} Kg7 {[%emt 0:00:30]} 72. Ke3 {[%emt 0:00:30]} Re4+ {[%emt 0:00:30]} 73. Kd3 {[%emt 0:00:30]} Re1 {[%emt 0:00:30]} 74. Rd4 {[%emt 0:00:30]} Kf6 {[%emt 0:00:30]} 75. Rc4 {[%emt 0:00:30]} Re6 {[%emt 0:00:30]} 76. Rc8 {[%emt 0:00:30]} Kg7 {[%emt 0:00:30]} 77. Rc3 {[%emt 0:00:30]} Kf6 {[%emt 0:00:30]} 78. Kd2 {[%emt 0:00:30]} Re4 {[%emt 0:00:30]} 79. Re3 {[%emt 0:00:30]} Ra4 {[%emt 0:00:30]} 80. Re8 {[%emt 0:00:30]} Kg7 {[%emt 0:00:30]} 81. Ke3 {[%emt 0:00:30]} Rb4 {[%emt 0:00:30]} 82. Rd8 {[%emt 0:00:30]} Re4+ {[%emt 0:00:30]} 83. Kd3 {[%emt 0:00:30]} Re1 {[%emt 0:00:30]} 84. Rc8 {[%emt 0:00:30]} Re4 {[%emt 0:00:30]} 85. Rc4 {[%emt 0:00:30]} Re1 {[%emt 0:00:30]} 86. Rc3 {[%emt 0:00:30]} (86. Rc7+ $16 Kf6 87. Rc6+ Kg7 88. Rc5) 86... Kf6 {[%emt 0:00:30]} (86... f4 $1 $11) 87. Rc2 {[%emt 0:00:30]} (87. Rc6+ $16 Kg7 88. Rc5) 87... Re4 {[%emt 0:00:30]} (87... f4 $1 $11) 88. Rb2 {[%emt 0:00:30]} Ra4 {[%emt 0:00:30]} 89. Rb6+ {[%emt 0:00:30]} Kg7 {[%emt 0:00:30]} 90. Rb5 {[%emt 0:00:30]} Kf6 {[%emt 0:00:30]} 91. Rc5 {[%emt 0:00:30]} ({Better is} 91. Ke3 $16) 91... Re4 {[%emt 0:00:30]} (91... f4 $11) 92. Rc2 {[%emt 0:00:30]} Kg6 {[%emt 0:00:30]} 93. Re2 {[%emt 0:00:30]} ({White should play} 93. Ra2 $16) 93... Ra4 $11 {[%emt 0:00:30]} 94. Re6+ {[%emt 0:00:30]} Kg7 {[%emt 0:00:30]} 95. Ke3 {[%emt 0:00:30]} Rb4 {[%emt 0:00:30]} (95... f4+ $1 $11 96. gxf4 Ra3+ 97. Ke4 Rh3) 96. f3 {[%emt 0:00:30]} Ra4 {[%emt 0:00:30]} 97. Rd6 {[%emt 0:00:30]} Rb4 {[%emt 0:00:30]} 98. Rd4 {[%emt 0:00:30]} Rb6 {[%emt 0:00:30]} 99. Rd5 {[%emt 0:00:30]} Kf6 {[%emt 0:00:30]} 100. Rd8 {[%emt 0:00:30]} Rb3+ {[%emt 0:00:30]} 101. Rd3 {[%emt 0:00:30]} (101. Kf2 $16) 101... Rb4 {[%emt 0:00:30]} (101... Rxd3+ $1 $11 102. Kxd3 Ke7) 102. Rc3 {[%emt 0:00:30]} Ra4 {[%emt 0:00:30]} 103. Kd3 {[%emt 0:00:30]} (103. Rc6+ $16 Ke5 104. Rc3 (104. Rc5+ Kf6 $16)) 103... Kg6 {[%emt 0:00:30]} (103... f4 $1 $11) 104. Ke3 {[%emt 0:00:30]} Kf6 $1 {[%emt 0:00:30]} 105. Rb3 {[%emt 0:00:30]} Kg6 {[%emt 0:00:30]} 106. Rd3 {[%emt 0:00:30]} Kf6 {[%emt 0:00:30]} 107. Rd6+ {[%emt 0:00:30]} Kg7 {[%emt 0:00:30]} 108. Rc6 {[%emt 0:00:30]} Rb4 {[%emt 0:00:30]} 109. Ra6 {[%emt 0:00:30]} Rc4 {[%emt 0:00:30]} 110. Kd3 {[%emt 0:00:30]} Rb4 {[%emt 0:00:30]} 111. Ra3 {[%emt 0:00:30]} (111. Ra5 $16) 111... Kf6 {[%emt 0:00:30]} (111... f4 $11 {keeps the balance.}) 112. Kc3 {[%emt 0:00:30]} Rb6 {[%emt 0:00:30]} 113. Ra8 {[%emt 0:00:30]} (113. Kd2 $16) 113... Kg7 $1 $11 {[%emt 0:00:30]} 114. Ra7+ {[%emt 0:00:30]} Kg6 {[%emt 0:00:30]} (114... Kh6 $11) 115. Ra8 {[%emt 0:00:30]} (115. f4 $16) 115... Kg7 $11 {[%emt 0:00:30]} 116. Ra5 {[%emt 0:00:30]} Kf6 {[%emt 0:00:30]} (116... Rg6 $1 $11) 117. Kc4 {[%emt 0:00:30]} Rd6 {[%emt 0:00:30]} 118. Ra3 {[%emt 0:00:30]} (118. f4 $16) 118... Rd1 {[%emt 0:00:30]} (118... f4 $1 $11 {remains equal.}) 119. Ra6+ $16 {[%emt 0:00:30]} Kg7 {[%emt 0:00:30] [#]} 120. f4 $1 {[%emt 0:00:30]} Rg1 {[%emt 0:00:30]} 121. Ra3 {[%emt 0:00:30]} Kf6 {[%emt 0:00:30]} 122. Kd4 {[%emt 0:00:30]} Rd1+ {[%emt 0:00:30]} 123. Rd3 {[%emt 0:00:30]} Ra1 {[%emt 0:00:30]} 124. Kc5 {[%emt 0:00:30]} Ra5+ {[%emt 0:00:30]} 125. Kc6 {[%emt 0:00:30]} Ra6+ {[%emt 0:00:30]} 126. Kd7 {[%emt 0:00:30]} Ra7+ {[%emt 0:00:30] [#]} 127. Ke8 {[%emt 0:00:30]} (127. Kd6 $1 $16) 127... Ra8+ $11 {[%emt 0:00:30]} 128. Rd8 {[%emt 0:00:30]} Ra3 {[%emt 0:00:30]} 129. Kf8 {[%emt 0:00:30]} Ra6 {[%emt 0:00:30]} 130. Kg8 {[%emt 0:00:30]} Kg6 {[%emt 0:00:30]} 131. Kf8 {[%emt 0:00:30]} Kf6 {[%emt 0:00:30]} 132. Ke8 {[%emt 0:00:30]} Ke6 {[%emt 0:00:30]} 133. Rb8 {[%emt 0:00:30]} Rc6 {[%emt 0:00:30]} 134. Kd8 {[%emt 0:00:30]} Rc3 {[%emt 0:00:30]} 135. Rb6+ {[%emt 0:00:30]} Kf7 {[%emt 0:00:30]} 136. Rh6 {[%emt 0:00:30]} Rxg3 {[%emt 0:00:30]} 137. Rxh5 {[%emt 0:00:30]} Rd3+ {[%emt 0:00:30]} 138. Kc7 {[%emt 0:00:30]} Kg6 {[%emt 0:00:30]} 139. Rg5+ {[%emt 0:00:30]} Kf6 {[%emt 0:00:30]} 140. h5 {[%emt 0:00:30]} Rf3 {[%emt 0:00:30]} 141. h6 {[%emt 0:00:30]} Rh3 {[%emt 0:00:30]} 142. Kd6 {[%emt 0:00:30]} Rxh6 {[%emt 0:00:30]} 143. Rg3 {[%emt 0:00:30]} Rh1 {[%emt 0:00:30]} 144. Rf3 {[%emt 0:00:30]} Re1 {[%emt 0:00:30]} 145. Kd5 {[%emt 0:00:30]} Re4 {[%emt 0:00:30]} 146. Rf1 {[%emt 0:00:30]} Kg6 {[%emt 0:00:30]} 147. Rg1+ {[%emt 0:00:30]} Kf6 {[%emt 0:00:30]} 148. Rf1 {[%emt 0:00:30]} Kg6 {[%emt 0:00:30]} 149. Rg1+ $1 {[%emt 0:00:30]} Kf6 {[%emt 0:00:30]} 150. Rf1 {[%emt 0:00:57]} Kg6 {[%emt 0:00:17]} 151. Rg1+ {[%emt 0:00:00]} 1/2-1/2

[Event "German Bundesliga 2021-22"]
[Site "Germany"]
[Date "2022.04.30"]
[Round "5.13"]
[White "Boensch, Uwe"]
[Black "Berchtenbreiter, Maximilian"]
[Result "1-0"]
[WhiteElo "2494"]
[BlackElo "2506"]
[Annotator "TA"]
[PlyCount "59"]
[EventDate "2022.03.05"]
[EventType "team-tourn"]
[EventCountry "GER"]
[SourceTitle "playchess.com"]
[Source "ChessBase"]
[SourceQuality "1"]
[TimeControl "40/5400+30:1800+30"]

{[%evp 9,59,35,45,54,53,35,71,8,39,0,59,57,62,61,73,55,62,46,42,35,56,60,64,64,64,64,58,53,31,31,101,118,99,70,125,68,231,183,352,362,351,345,346,320,330,239,758,740,716,682,29995,29996]} 1. d4 {[%emt 0:00:00]} g6 {[%emt 0:00:00]} 2. c4 {[%emt 0:00:00]} Bg7 {[%emt 0:00:00]} 3. e4 {[%emt 0:00:00]} c5 {[%emt 0:00:00]} 4. d5 {[%emt 0:00:00]} d6 {[%emt 0:00:00]} 5. Bd3 {[%emt 0:00:00]} e6 {[%emt 0:00:00]} 6. Nf3 {[%emt 0:00:00] A43: Schmid Benoni.} exd5 {[%emt 0:00:00]} 7. cxd5 {[%emt 0:00:00]} (7. exd5 {is more complex.} Bg4 8. O-O Nd7 9. Nbd2) 7... Bg4 {[%emt 0:00:00]} 8. Nbd2 {[%emt 0:00:00]} (8. Qa4+ $16 Nd7 9. Nfd2) 8... Nd7 {[%emt 0:00:00]} 9. O-O {[%emt 0:03:38]} Ne7 {[%emt 0:04:30]} (9... Ngf6 $11) 10. h3 $14 {[%emt 0:01:08]} Bxf3 {[%emt 0:00:07]} 11. Nxf3 {[%emt 0:00:05]} O-O {[%emt 0:00:36]} 12. Rb1 {[%emt 0:00:22] [#]} Rc8 $146 {[%emt 0:16:26]} ({Predecessor:} 12... h6 13. Re1 g5 14. Nh2 Ne5 15. Nf1 f5 16. exf5 Nxf5 17. Bxf5 Rxf5 18. Ne3 Rf7 {0-1 (53) Livner,A (2324)-Gdanski,J (2542) Sweden 2010}) 13. Bc4 {[%emt 0:04:31]} a6 {[%emt 0:02:36]} 14. a4 {[%emt 0:00:48][%cal Ba2a4,Ba4a5,Ba5b6,Bb6b7][%mdl 32]} Rb8 {[%emt 0:00:07]} 15. Qd3 {[%emt 0:04:12]} Nc8 {[%emt 0:08:02]} 16. Bd2 {[%emt 0:01:14]} Ncb6 {[%emt 0:08:01]} 17. b3 {[%emt 0:01:44]} Re8 {[%emt 0:00:03]} 18. a5 {[%emt 0:01:48]} Nxc4 {[%emt 0:02:09]} 19. bxc4 {[%emt 0:00:16]} b6 {[%emt 0:03:20]} (19... Qe7 $14) 20. axb6 $16 {[%emt 0:01:03]} Qe7 {[%emt 0:01:20]} 21. b7 {[%emt 0:04:47] [#] Strongly threatening Qb3.} Nf6 {[%emt 0:04:53]} (21... Ne5 $1 $14 22. Nxe5 Bxe5) 22. Qb3 {[%emt 0:32:50] White is much more active.} (22. Rfe1 $16 {Hoping for e5.} Rxb7 23. e5 Rxb1 24. Qxb1 dxe5 25. Nxe5 (25. Rxe5 Qa7 $16)) 22... Qd7 $2 {[%emt 0:07:15] This move loses the game for Black.} (22... Nxe4 $14 23. Rfe1 Nxd2 24. Rxe7 Nxb3 25. Rxe8+ Rxe8) 23. Qb6 {[%emt 0:06:24]} Re7 {[%emt 0:03:17] Inhibits e5.} (23... Nxe4 {might work better.} 24. Bf4 (24. Qxa6 Nxd2 25. Nxd2 Bc3 $16) 24... Bc3) 24. e5 $18 {[%emt 0:11:53]} ({Resist} 24. Qxa6 Ne8 25. e5 (25. Bg5 f6 $16) 25... dxe5 $18) 24... dxe5 {[%emt 0:00:32]} 25. Bg5 {[%emt 0:10:19]} ({Weaker is} 25. Qxc5 Rxb7 26. Rxb7 Qxb7 $18) 25... Rxb7 {[%emt 0:00:17]} 26. Qxa6 {[%emt 0:01:32]} (26. Qxc5 Re8 27. Nd2 Rc7 $16) 26... Ra7 {[%emt 0:00:17]} 27. Qb6 {[%emt 0:00:58]} Qf5 {[%emt 0:03:11] [#]} (27... e4 28. Nd2 (28. Bxf6 Bxf6 29. Qxf6 exf3 $18) 28... Ra2 29. Qxc5 h6) 28. Qb8+ {[%emt 0:01:38]} Bf8 {[%emt 0:01:37]} 29. Rb6 {[%emt 0:01:17]} Ne4 {[%emt 0:02:07]} 30. Bh6 {[%emt 0:01:04] Weighted Error Value: White=0.21 (precise) /Black=0.61} 1-0